000 01755nam a2200313Ia 4500
999 _c36804
_d36804
001 2746
003 GE_BSU
005 20190607142114.0
008 181216s||||||||xx |||||||||||||| ||und||
020 _a9789941409158
040 _cGE_BSU
041 _ageo
080 _a656.61.086.26+341.362.1 კ–75
100 _aკოპალეიშვილი, პაატა
_92267
245 _aმეკობრეობა და საზღვაო ტერორიზმი, როგორც საერთაშორისო ნაოსნობის უსაფრთხოების გლობალური პრობლემა /
_cპაატა კოპალეიშვილი.
300 _a57 გვ.
_b20 სმ.
490 _aსამართალმცოდნეობის სპეციალობის სტუდენტის ბიბლიოთეკა,
_xISSN 1987-5894
504 _aდანართი: გვ. 56. - ბიბლიოგრ.: გვ. 57.
541 _h2 ლ.
653 _aმეკობრეობა
653 _aსაზღვაო ტერორიზმი
700 _aგორგოშაძე, მურმან
_eრედაქტორი
_92268
700 _aგუნთაიშვილი, როსტომ
_eრედაქტორი
_92269
700 _aფუტკარაძე, ნუგზარ
_eრედაქტორი
_9249
700 _aფარტენაძე, ომარ
_eრედაქტორი
_92270
700 _aმახარაძე, ომარ
_eრედაქტორი
_9244
700 _a ჯაყელი, ლევან
_eრედაქტორი
_92271
942 _cBK
_2udc